Guia sumària del Museu Romàntic / Assumpta Gou i Vernet...
ISBN:
84-505-2056-8
Descripción Física:
47 p. : il., negre i col. ; 22 cm
MARC
| LEADER | 00000nam a2200000Ia 4500 | ||
|---|---|---|---|
| 001 | 2075 | ||
| 008 | 160829s1985 xx 000 0 cat d | ||
| 020 | |a 84-505-2056-8 | ||
| 080 | |a FU-4-11 | ||
| 100 | |a Gou i Vernet, Assumpta |9 30633 | ||
| 245 | |a Guia sumària del Museu Romàntic / Assumpta Gou i Vernet... | ||
| 260 | |a Barcelona : |b Diputació de Barcelona. Servei de Cultura, |c 1985 | ||
| 300 | |a 47 p. : |b il., negre i col. ; |c 22 cm | ||
| 650 | |a Museu Romàntic Províncial |x Guies |9 32181 | ||
| 650 | |a Museus |x Catalunya |x Guies |9 49099 | ||
| 710 | 1 | |a Barcelona (Catalunya : Província). |b Servei de Cultura |9 54401 | |
| 901 | |a Arxiu | ||
| 942 | |n 1 | ||
| 952 | |0 0 |1 0 |4 0 |6 FU411 |7 1 |9 45896 |a Arxiu |b Arxiu |d 2016-12-01 |l 0 |o FU-4-11 |p 2075 |r 2016-12-01 00:00:00 |w 2016-12-01 |y ARXIU | ||
| 999 | |c 49397 |d 49397 | ||